UK National Radio Stations - Statistics

General Stats
  • This quiz has been taken 27 times
  • The average score is 23 of 64
Answer Stats
National Multiplex Station Name % Correct
BBC BBC Radio 1
91%
BBC BBC Radio 2
91%
BBC BBC Radio 3
91%
BBC BBC Radio 4
91%
BBC BBC Radio 5 Live
87%
Digital One Heart
78%
Digital One Capital
70%
Digital One Absolute Radio
65%
Digital One Classic FM
65%
Digital One Heart 80s
57%
Digital One Capital Xtra
52%
Digital One Heart 70s
52%
Digital One Heart 90s
52%
Digital One Radio X
52%
Sound Digital Absolute Radio 90s
48%
BBC BBC Radio 6 Music
48%
BBC BBC World Service
48%
Sound Digital Jazz FM
48%
Digital One Kiss
48%
Digital One Magic
48%
Digital One Smooth
48%
Sound Digital Absolute Radio 80s
43%
BBC BBC Asian Network
43%
BBC BBC Radio 1Xtra
43%
BBC BBC Radio 4 Extra
43%
Sound Digital Talk Radio
43%
Digital One Talksport
43%
Sound Digital Virgin Radio
43%
Digital One Heart 00s
39%
Digital One Smooth Chill
39%
Digital One Capital Dance
35%
Digital One Heart Dance
30%
Digital One Kisstory
30%
Digital One LBC
30%
Sound Digital Talksport 2
30%
BBC BBC Radio 5 Live Sports Extra
26%
Digital One Gold
26%
Sound Digital Radio X Classic Rock
26%
Sound Digital Absolute Radio Country
22%
Sound Digital Boom Radio
22%
Sound Digital Capital Chill
22%
Sound Digital Capital Xtra Reloaded
22%
Sound Digital Kerrang!
22%
Sound Digital Mellow Magic
22%
Sound Digital Planet Rock
22%
Sound Digital Times Radio
22%
Sound Digital Absolute Radio Classic Rock
17%
Sound Digital Magic at the Musicals
17%
Sound Digital Magic Chilled
17%
Sound Digital Magic Soul
17%
Sound Digital Premier Praise
17%
Sound Digital Scala Radio
17%
Sound Digital Sunrise Radio
17%
Sound Digital Fix Radio
13%
Digital One GB News Radio
13%
Digital One UCB 1
13%
Digital One UCB 2
13%
Sound Digital Heat Radio
9%
Digital One LBC News
9%
Sound Digital Premier Christian Radio
9%
Digital One Smooth Relax
9%
Sound Digital BFBS
4%
Sound Digital Virgin Anthems
0%
Sound Digital Virgin Chilled
0%
No matching quizzes found
Score Distribution
Percent of People with Each Score
Percentile by Number Answered
Your Score History
You have not taken this quiz